Países que empiezan por M - Estadísticas

Estadísticas generales
  • Esta prueba ha sido intentada 1.612 veces
  • La puntuación promedio es 11 de 15
Estadísticas de respuestas
Hint Respuesta % Correcto
África Marruecos
87%
América México
83%
Europa Moldavia
81%
Europa Macedonia del Norte
77%
Europa Mónaco
76%
África Madagascar
73%
Asia Mongolia
73%
Europa Malta
72%
África Mauritania
71%
África Malí
69%
Europa Montenegro
69%
Asia Malasia
68%
África Mozambique
61%
África Malaui
52%
Maldivas
51%
No se encontraron pruebas coincidentes
Distribución de puntuación
Porcentaje de gente con cada puntuación
Porcentaje por número respondido
Historial de tus puntuaciones
No has intentado esta prueba.